<?xml version="1.0" encoding="UTF-8"?>
<record
    xmlns:xsi="http://www.w3.org/2001/XMLSchema-instance"
    xsi:schemaLocation="http://www.loc.gov/MARC21/slim http://www.loc.gov/standards/marcxml/schema/MARC21slim.xsd"
    xmlns="http://www.loc.gov/MARC21/slim">

  <leader>00367nam a2200145Ia 4500</leader>
  <controlfield tag="008">231129s1997||||xx |||||||||||||| ||spa||</controlfield>
  <datafield tag="020" ind1=" " ind2=" ">
    <subfield code="a">958-9212-32-8                                     </subfield>
  </datafield>
  <datafield tag="040" ind1=" " ind2=" ">
    <subfield code="b">sap</subfield>
  </datafield>
  <datafield tag="082" ind1=" " ind2=" ">
    <subfield code="a">510 C292mo</subfield>
  </datafield>
  <datafield tag="100" ind1=" " ind2=" ">
    <subfield code="a">Caro Martin  Victor E.</subfield>
  </datafield>
  <datafield tag="245" ind1=" " ind2="0">
    <subfield code="a">Matematica</subfield>
  </datafield>
  <datafield tag="260" ind1=" " ind2=" ">
    <subfield code="c">1997</subfield>
  </datafield>
  <datafield tag="264" ind1=" " ind2=" ">
    <subfield code="a">Migema Ediciones</subfield>
  </datafield>
  <datafield tag="942" ind1=" " ind2=" ">
    <subfield code="2">ddc</subfield>
    <subfield code="c">BKS</subfield>
  </datafield>
  <datafield tag="952" ind1=" " ind2=" ">
    <subfield code="0">0</subfield>
    <subfield code="1">0</subfield>
    <subfield code="2">ddc</subfield>
    <subfield code="4">0</subfield>
    <subfield code="7">0</subfield>
    <subfield code="a">BRC</subfield>
    <subfield code="b">BRC</subfield>
    <subfield code="d">2009-07-09</subfield>
    <subfield code="l">0</subfield>
    <subfield code="o">510 C292mo</subfield>
    <subfield code="p">12606</subfield>
    <subfield code="r">2023-11-29 21:23:21</subfield>
    <subfield code="t">3</subfield>
    <subfield code="w">2023-11-29</subfield>
    <subfield code="y">BK</subfield>
  </datafield>
  <datafield tag="952" ind1=" " ind2=" ">
    <subfield code="0">0</subfield>
    <subfield code="1">0</subfield>
    <subfield code="2">ddc</subfield>
    <subfield code="4">0</subfield>
    <subfield code="7">0</subfield>
    <subfield code="a">BRC</subfield>
    <subfield code="b">BRC</subfield>
    <subfield code="d">2009-07-09</subfield>
    <subfield code="l">0</subfield>
    <subfield code="o">510 C292mo</subfield>
    <subfield code="p">12607</subfield>
    <subfield code="r">2023-11-29 21:23:21</subfield>
    <subfield code="t">3</subfield>
    <subfield code="w">2023-11-29</subfield>
    <subfield code="y">BK</subfield>
  </datafield>
  <datafield tag="952" ind1=" " ind2=" ">
    <subfield code="0">0</subfield>
    <subfield code="1">0</subfield>
    <subfield code="2">ddc</subfield>
    <subfield code="4">0</subfield>
    <subfield code="7">0</subfield>
    <subfield code="a">BRC</subfield>
    <subfield code="b">BRC</subfield>
    <subfield code="d">2009-07-09</subfield>
    <subfield code="l">0</subfield>
    <subfield code="o">510 C292mo</subfield>
    <subfield code="p">12608</subfield>
    <subfield code="r">2023-11-29 21:23:21</subfield>
    <subfield code="t">1</subfield>
    <subfield code="w">2023-11-29</subfield>
    <subfield code="y">BK</subfield>
  </datafield>
  <datafield tag="952" ind1=" " ind2=" ">
    <subfield code="0">0</subfield>
    <subfield code="1">0</subfield>
    <subfield code="2">ddc</subfield>
    <subfield code="4">0</subfield>
    <subfield code="7">0</subfield>
    <subfield code="a">BRC</subfield>
    <subfield code="b">BRC</subfield>
    <subfield code="d">2009-07-09</subfield>
    <subfield code="l">0</subfield>
    <subfield code="o">510 C292mo</subfield>
    <subfield code="p">12610</subfield>
    <subfield code="r">2023-11-29 21:23:21</subfield>
    <subfield code="t">2</subfield>
    <subfield code="w">2023-11-29</subfield>
    <subfield code="y">BK</subfield>
  </datafield>
  <datafield tag="952" ind1=" " ind2=" ">
    <subfield code="0">0</subfield>
    <subfield code="1">0</subfield>
    <subfield code="2">ddc</subfield>
    <subfield code="4">0</subfield>
    <subfield code="7">0</subfield>
    <subfield code="a">BRC</subfield>
    <subfield code="b">BRC</subfield>
    <subfield code="d">2009-07-09</subfield>
    <subfield code="l">0</subfield>
    <subfield code="o">510 C292mo</subfield>
    <subfield code="p">12611</subfield>
    <subfield code="r">2023-11-29 21:23:21</subfield>
    <subfield code="t">2</subfield>
    <subfield code="w">2023-11-29</subfield>
    <subfield code="y">BK</subfield>
  </datafield>
  <datafield tag="952" ind1=" " ind2=" ">
    <subfield code="0">0</subfield>
    <subfield code="1">0</subfield>
    <subfield code="2">ddc</subfield>
    <subfield code="4">0</subfield>
    <subfield code="7">0</subfield>
    <subfield code="a">BRC</subfield>
    <subfield code="b">BRC</subfield>
    <subfield code="d">2009-07-09</subfield>
    <subfield code="l">1</subfield>
    <subfield code="o">510 C292mo</subfield>
    <subfield code="p">12612</subfield>
    <subfield code="r">2025-02-12 18:03:37</subfield>
    <subfield code="s">2025-02-05</subfield>
    <subfield code="t">1</subfield>
    <subfield code="w">2023-11-29</subfield>
    <subfield code="y">BK</subfield>
  </datafield>
  <datafield tag="952" ind1=" " ind2=" ">
    <subfield code="0">0</subfield>
    <subfield code="1">0</subfield>
    <subfield code="2">ddc</subfield>
    <subfield code="4">0</subfield>
    <subfield code="7">0</subfield>
    <subfield code="a">BRC</subfield>
    <subfield code="b">BRC</subfield>
    <subfield code="d">2009-07-09</subfield>
    <subfield code="l">0</subfield>
    <subfield code="o">510 C292mo</subfield>
    <subfield code="p">12613</subfield>
    <subfield code="r">2023-11-29 21:23:21</subfield>
    <subfield code="t">3</subfield>
    <subfield code="w">2023-11-29</subfield>
    <subfield code="y">BK</subfield>
  </datafield>
  <datafield tag="952" ind1=" " ind2=" ">
    <subfield code="0">0</subfield>
    <subfield code="1">0</subfield>
    <subfield code="2">ddc</subfield>
    <subfield code="4">0</subfield>
    <subfield code="7">0</subfield>
    <subfield code="a">BRC</subfield>
    <subfield code="b">BRC</subfield>
    <subfield code="d">2009-07-09</subfield>
    <subfield code="l">0</subfield>
    <subfield code="o">510 C292mo</subfield>
    <subfield code="p">12614</subfield>
    <subfield code="r">2023-11-29 21:23:21</subfield>
    <subfield code="t">1</subfield>
    <subfield code="w">2023-11-29</subfield>
    <subfield code="y">BK</subfield>
  </datafield>
  <datafield tag="999" ind1=" " ind2=" ">
    <subfield code="c">20750</subfield>
    <subfield code="d">20750</subfield>
  </datafield>
</record>
